=LDR 00000nam 2200000 4500 =001 INLIS000000000061444 =005 20221122080958 =035 ##$$a 0010-1022000185 =008 221122################g##########0#ind## =020 ##$$a 979-9048-10-9 =082 ##$$a R 297 122 7 =100 1#$$a Shihab, M Quraish =245 1#$$a Tafsir Al-Mishbah volume 2 : $b Pesan, Kesan dan keserasian Al-Qur'an, surah Ali 'Imran, surah An-Nisa /$c M. Quraish Shihab =250 ##$$a cet.2 =260 ##$$a Jakarta :$b Lentera Hati,$c 2009 =300 ##$$a xxi, 845 hlm. ; $c 25 x 16 cm. =084 ##$$a R 297 122 7 SHI t =650 #4$$a Al-Qur'an - Tafsir =990 ##$$a 20800628